[Event "32. Open Andorra Hotel St.Gothard "]
[Site "Erts-La Massana AND"]
[Date "2014.07.26"]
[Round "8.6"]
[White "Arngrimsson, Dagur"]
[Black "Kogan, Artur"]
[Result "0-1"]
[WhiteElo "2366"]
[BlackElo "2548"]
[PlyCount "76"]
[EventDate "2014.07.19"]
[EventType "swiss"]
[EventRounds "9"]
[EventCountry "AND"]
[Source "lmi"]
[SourceDate "2014.07.19"]

1. d4 Nf6 2. Nf3 e6 3. e3 c5 4. Bd3 b6 5. O-O Bb7 6. b3 d6 7. Bb2 Nbd7 8. c4 g6
9. d5 e5 10. Nc3 Bg7 11. Nd2 Qe7 12. Qe2 h5 13. Rae1 O-O-O 14. f4 Kb8 15. a3
Ng4 16. Nd1 f5 17. e4 exf4 18. exf5 Nde5 19. h3 Qh4 20. Bxe5 Bxe5 21. Nf3 Qg3
22. fxg6 Bc8 23. Qc2 Bd4+ 24. Kh1 Rde8 25. Re4 Rxe4 26. Bxe4 Re8 27. Qd3 Ne3
28. Nxe3 fxe3 29. Nxd4 cxd4 30. Bf3 Bg4 31. Qxd4 Bxf3 32. Rxf3 Qxf3 33. gxf3 e2
34. Qd2 e1=Q+ 35. Qxe1 Rxe1+ 36. Kg2 Kc7 37. Kf2 Re8 38. f4 Kd7 0-1

[Event "32. Open Andorra Hotel St.Gothard "]
[Site "Erts-La Massana AND"]
[Date "2014.07.26"]
[Round "8.7"]
[White "Glud, Jakob Vang"]
[Black "Alvarado Diaz, Alejandro"]
[Result "1-0"]
[WhiteElo "2538"]
[BlackElo "2354"]
[PlyCount "59"]
[EventDate "2014.07.19"]
[EventType "swiss"]
[EventRounds "9"]
[EventCountry "AND"]
[Source "lmi"]
[SourceDate "2014.07.19"]

1. c4 e5 2. g3 Nc6 3. Bg2 Bc5 4. Nc3 d6 5. e3 a6 6. Nge2 Ba7 7. O-O h5 8. Nd5
h4 9. b4 Nf6 10. Bb2 Nxd5 11. cxd5 Ne7 12. d4 f6 13. Rc1 Bf5 14. e4 Bg4 15. f3
Bd7 16. f4 Bg4 17. Bf3 Bh3 18. Rf2 Qd7 19. Qe1 hxg3 20. hxg3 O-O-O 21. fxe5
fxe5 22. dxe5 Bxf2+ 23. Qxf2 Kb8 24. e6 Bxe6 25. dxe6 Qxe6 26. Nf4 Qh6 27. e5
g5 28. exd6 cxd6 29. Bxh8 Rxh8 30. Qb6 1-0

[Event "32. Open Andorra Hotel St.Gothard "]
[Site "Erts-La Massana AND"]
[Date "2014.07.26"]
[Round "8.8"]
[White "Comas Fabrego, Lluis"]
[Black "Berkovich, Mark A"]
[Result "1/2-1/2"]
[WhiteElo "2512"]
[BlackElo "2339"]
[PlyCount "31"]
[EventDate "2014.07.19"]
[EventType "swiss"]
[EventRounds "9"]
[EventCountry "AND"]
[Source "lmi"]
[SourceDate "2014.07.19"]

1. d4 Nf6 2. c4 e6 3. Nc3 Bb4 4. e3 O-O 5. Bd3 d5 6. cxd5 exd5 7. Nge2 Re8 8.
O-O Bd6 9. h3 a6 10. Nf4 c6 11. f3 Qb6 12. Bc2 Bxf4 13. exf4 Nbd7 14. Qd3 c5
15. Nxd5 Qd6 16. Nxf6+ 1/2-1/2

[Event "32. Open Andorra Hotel St.Gothard "]
[Site "Erts-La Massana AND"]
[Date "2014.07.26"]
[Round "8.9"]
[White "Forsa, Espen"]
[Black "Almeida Quintana, Omar"]
[Result "0-1"]
[WhiteElo "2256"]
[BlackElo "2492"]
[PlyCount "78"]
[EventDate "2014.07.19"]
[EventType "swiss"]
[EventRounds "9"]
[EventCountry "AND"]
[Source "lmi"]
[SourceDate "2014.07.19"]

1. d4 d6 2. e4 Nf6 3. Nc3 g6 4. Be2 Bg7 5. g4 e5 6. g5 Nfd7 7. d5 Nb6 8. a4 a5
9. h4 h5 10. gxh6 Bxh6 11. Bxh6 Rxh6 12. h5 Qf6 13. Qd2 gxh5 14. Rxh5 Rxh5 15.
Bxh5 Na6 16. Nf3 Bd7 17. b3 Ke7 18. Qe2 Qf4 19. Nd2 f5 20. O-O-O fxe4 21. Qxe4
Rf8 22. f3 Nb4 23. Qxf4 Rxf4 24. Nf1 c6 25. Ne3 Rd4 26. dxc6 bxc6 27. Ne4 d5
28. Nc5 Rh4 29. Bg6 Rh2 30. Rd2 Na2+ 31. Kd1 Rh1+ 32. Ke2 d4 33. Ng4 Bxg4 34.
fxg4 Nc3+ 35. Kf3 Nbd5 36. Bf5 Ne3 37. Be4 Rh3+ 38. Kf2 Nxg4+ 39. Kg1 Re3 0-1

[Event "32. Open Andorra Hotel St.Gothard "]
[Site "Erts-La Massana AND"]
[Date "2014.07.26"]
[Round "8.10"]
[White "Llaneza Vega, Patricia"]
[Black "Zumsande, Martin"]
[Result "0-1"]
[WhiteElo "2217"]
[BlackElo "2430"]
[PlyCount "52"]
[EventDate "2014.07.19"]
[EventType "swiss"]
[EventRounds "9"]
[EventCountry "AND"]
[Source "lmi"]
[SourceDate "2014.07.19"]

1. e4 e6 2. d4 d5 3. Nc3 Nf6 4. Bg5 Bb4 5. e5 h6 6. Be3 Ne4 7. Qg4 Kf8 8. a3
Bxc3+ 9. bxc3 Nxc3 10. Bd3 c5 11. dxc5 Nc6 12. Nf3 f5 13. Qh5 Qe8 14. Qxe8+
Kxe8 15. Rg1 Rf8 16. g4 fxg4 17. Nh4 d4 18. Bxd4 Nxd4 19. Rxg4 g5 20. Rxd4 gxh4
21. Rxh4 Bd7 22. Bg6+ Ke7 23. Rh3 Na4 24. Rxh6 Rh8 25. Rxh8 Rxh8 26. O-O-O Rxh2
0-1

[Event "32. Open Andorra Hotel St.Gothard "]
[Site "Erts-La Massana AND"]
[Date "2014.07.26"]
[Round "8.11"]
[White "Kantsler, Boris"]
[Black "Silva Rodriguez, Fernando"]
[Result "1-0"]
[WhiteElo "2429"]
[BlackElo "2202"]
[PlyCount "57"]
[EventDate "2014.07.19"]
[EventType "swiss"]
[EventRounds "9"]
[EventCountry "AND"]
[Source "lmi"]
[SourceDate "2014.07.19"]

1. e4 e5 2. Nc3 Nc6 3. g3 Nf6 4. Bg2 Bc5 5. d3 d6 6. Be3 Bb6 7. Nge2 Be6 8.
Bxb6 axb6 9. d4 Bg4 10. h3 Bd7 11. O-O O-O 12. f4 exd4 13. Nxd4 Re8 14. Ndb5
Na7 15. Nxa7 Rxa7 16. Qd4 Bc6 17. Rad1 Qe7 18. Rfe1 Nd7 19. b4 Nf8 20. b5 Bd7
21. e5 dxe5 22. Rxe5 Qa3 23. Rg5 g6 24. Nd5 Re6 25. f5 Ra4 26. c4 c5 27. Qa1
Re2 28. Nf6+ Kg7 29. Ne8+ 1-0

[Event "32. Open Andorra Hotel St.Gothard "]
[Site "Erts-La Massana AND"]
[Date "2014.07.26"]
[Round "8.12"]
[White "Jerez Perez, Alfonso"]
[Black "Sjodahl, Pontus"]
[Result "1-0"]
[WhiteElo "2374"]
[BlackElo "2423"]
[PlyCount "69"]
[EventDate "2014.07.19"]
[EventType "swiss"]
[EventRounds "9"]
[EventCountry "AND"]
[Source "lmi"]
[SourceDate "2014.07.19"]

1. e4 e6 2. d4 d5 3. Nd2 c5 4. Ngf3 Nc6 5. exd5 exd5 6. Bb5 Bd6 7. O-O Nge7 8.
dxc5 Bxc5 9. Nb3 Bd6 10. Nbd4 O-O 11. Bd3 Kh8 12. h3 f6 13. c3 Ne5 14. Bc2 Bd7
15. Bf4 Qb6 16. Nxe5 fxe5 17. Bxe5 Bxe5 18. Qh5 Nf5 19. Nxf5 g6 20. Qe2 Rae8
21. Ne3 Qxb2 22. Rab1 Qxa2 23. Rxb7 Bf5 24. Qd2 Bxc2 25. Nxc2 Bg7 26. Ra1 Qc4
27. Raxa7 Rg8 28. Ne3 Qf4 29. Rf7 Qe4 30. Qxd5 Qb1+ 31. Kh2 Qb8+ 32. g3 Qb2 33.
Qd3 Rgf8 34. Rxg7 Rxf2+ 35. Kg1 1-0

[Event "32. Open Andorra Hotel St.Gothard "]
[Site "Erts-La Massana AND"]
[Date "2014.07.26"]
[Round "8.14"]
[White "Barbot, Pierre"]
[Black "Salles, Louis"]
[Result "1-0"]
[WhiteElo "2411"]
[BlackElo "2224"]
[PlyCount "61"]
[EventDate "2014.07.19"]
[EventType "swiss"]
[EventRounds "9"]
[EventCountry "AND"]
[Source "lmi"]
[SourceDate "2014.07.19"]

1. d4 Nf6 2. c4 c5 3. d5 e6 4. Nc3 exd5 5. cxd5 d6 6. Nf3 g6 7. Bf4 Bg7 8. Qa4+
Bd7 9. Qb3 Qc7 10. e4 O-O 11. Nd2 Re8 12. Be2 Na6 13. O-O Rab8 14. Rfe1 Bf8 15.
Nb5 Bxb5 16. Bxb5 Rec8 17. e5 Nh5 18. exd6 Bxd6 19. Bxd6 Qxd6 20. Ne4 Qe5 21.
Ng3 Qg5 22. Nxh5 Qxh5 23. d6 Rf8 24. Re7 Qf5 25. Rae1 Nb4 26. R7e5 Qc2 27. d7
a6 28. Re8 Qd2 29. Qc3 Qd6 30. Rxb8 Qxb8 31. Re8 1-0

[Event "32. Open Andorra Hotel St.Gothard "]
[Site "Erts-La Massana AND"]
[Date "2014.07.26"]
[Round "8.15"]
[White "Fernandez Lopez, Joan"]
[Black "Narciso Dublan, Marc"]
[Result "0-1"]
[WhiteElo "2131"]
[BlackElo "2523"]
[PlyCount "104"]
[EventDate "2014.07.19"]
[EventType "swiss"]
[EventRounds "9"]
[EventCountry "AND"]
[Source "lmi"]
[SourceDate "2014.07.19"]

1. e4 d6 2. d4 Nf6 3. Nc3 g6 4. Nf3 Bg7 5. Be3 O-O 6. Qd2 a6 7. h3 b5 8. Bd3
Bb7 9. a3 Nbd7 10. Bh6 e5 11. dxe5 dxe5 12. Rd1 Qe7 13. Bxg7 Kxg7 14. O-O c5
15. Be2 c4 16. Qd6 Qxd6 17. Rxd6 Nc5 18. Nxe5 Nfxe4 19. Nxe4 Bxe4 20. Bf3 Rad8
21. Rxd8 Rxd8 22. Bxe4 Nxe4 23. Re1 f5 24. Nf3 Kf6 25. Kf1 c3 26. b3 a5 27. Re3
Rd1+ 28. Re1 Rd5 29. Re3 b4 30. axb4 axb4 31. Ke2 Nc5 32. Re8 Ne6 33. g3 g5 34.
Rb8 g4 35. hxg4 fxg4 36. Ne1 Rd2+ 37. Ke3 Nd4 38. Rxb4 Nf5+ 39. Kf4 Rxf2+ 40.
Kxg4 Ne3+ 41. Kh3 Re2 42. Rb6+ Kf5 43. Nf3 Nxc2 44. Rd6 Re6 45. Rd7 Rc6 46. b4
Ke4 47. Ng5+ Ke3 48. b5 Rh6+ 49. Kg4 Nd4 50. Rd5 c2 51. Rc5 Rg6 52. Kh5 Rxg5+
0-1

[Event "32. Open Andorra Hotel St.Gothard "]
[Site "Erts-La Massana AND"]
[Date "2014.07.26"]
[Round "8.16"]
[White "Gandrud, Vegar Koi"]
[Black "Midoux, Sebastien"]
[Result "0-1"]
[WhiteElo "2210"]
[BlackElo "2374"]
[PlyCount "76"]
[EventDate "2014.07.19"]
[EventType "swiss"]
[EventRounds "9"]
[EventCountry "AND"]
[Source "lmi"]
[SourceDate "2014.07.19"]

1. d4 f5 2. Bg5 g6 3. Nc3 Bg7 4. e3 Nf6 5. h4 h6 6. Bf4 d6 7. Qf3 O-O 8. Bc4+
e6 9. Nge2 Nc6 10. O-O-O a6 11. a3 Rb8 12. Bh2 Qe8 13. Nf4 g5 14. hxg5 hxg5 15.
Nd3 Ng4 16. Ba2 b5 17. Qe2 a5 18. f3 Nxh2 19. Rxh2 b4 20. Nb1 Ba6 21. a4 d5 22.
Nd2 f4 23. Rdh1 Qg6 24. Nxf4 gxf4 25. Qxa6 Rb6 26. Qe2 fxe3 27. Qxe3 Nxd4 28.
Bb1 Rc6 29. Kd1 Nf5 30. Qd3 Bxb2 31. g4 Ne7 32. Qe3 Qf6 33. Rh6 Qe5 34. Qd3 Kf7
35. Re1 Qd4 36. Rh7+ Ke8 37. Qb5 Bc3 38. Re2 Rxf3 0-1

[Event "32. Open Andorra Hotel St.Gothard "]
[Site "Erts-La Massana AND"]
[Date "2014.07.26"]
[Round "8.17"]
[White "Nilsen, Joachim Birger"]
[Black "Meijer, Johannes"]
[Result "1-0"]
[WhiteElo "2346"]
[BlackElo "2185"]
[PlyCount "49"]
[EventDate "2014.07.19"]
[EventType "swiss"]
[EventRounds "9"]
[EventCountry "AND"]
[Source "lmi"]
[SourceDate "2014.07.19"]

1. c4 f5 2. g3 Nf6 3. Bg2 g6 4. Nc3 d6 5. d3 Bg7 6. e4 fxe4 7. dxe4 e5 8. Nge2
Nc6 9. O-O O-O 10. f3 Nd7 11. Be3 Nb6 12. b3 Nd7 13. Na4 Re8 14. Qd5+ Kh8 15.
Qd2 Nf8 16. Rad1 Ne6 17. f4 b6 18. f5 Ned4 19. Nac3 Nxe2+ 20. Nxe2 Rb8 21. g4
Nd4 22. Nxd4 exd4 23. Bxd4 Bxd4+ 24. Qxd4+ Re5 25. Qxe5+ 1-0

[Event "32. Open Andorra Hotel St.Gothard "]
[Site "Erts-La Massana AND"]
[Date "2014.07.26"]
[Round "8.18"]
[White "Laclau, Daniel"]
[Black "Simon Padros, Emili"]
[Result "0-1"]
[WhiteElo "2326"]
[BlackElo "2208"]
[PlyCount "76"]
[EventDate "2014.07.19"]
[EventType "swiss"]
[EventRounds "9"]
[EventCountry "AND"]
[Source "lmi"]
[SourceDate "2014.07.19"]

1. d4 e6 2. c4 f5 3. g3 Nf6 4. Bg2 d5 5. Nh3 c6 6. Qc2 Bd6 7. Bf4 Be7 8. Nd2
O-O 9. O-O Nh5 10. Be3 e5 11. f4 e4 12. Rac1 Nf6 13. Kh1 a5 14. Bg1 Na6 15.
Rfd1 h6 16. a3 Be6 17. cxd5 cxd5 18. e3 Ng4 19. Qb3 Qd7 20. Bf1 Bd8 21. Bb5 Qf7
22. Nf2 Nf6 23. Rc3 g5 24. Rdc1 gxf4 25. exf4 Kh7 26. Nf1 Rg8 27. Ne3 Ne8 28.
Be2 Nd6 29. Qd1 Qd7 30. Qf1 Nc7 31. a4 Na6 32. Qh3 Nb4 33. Rf1 Bb6 34. Rc5 Bxc5
35. dxc5 Nc4 36. g4 Nxe3 37. Qxe3 d4 38. Qg3 e3 0-1

[Event "32. Open Andorra Hotel St.Gothard "]
[Site "Erts-La Massana AND"]
[Date "2014.07.26"]
[Round "8.20"]
[White "Franco Valencia, Beatriz Irene"]
[Black "Garcia Blanco, Omar"]
[Result "1-0"]
[WhiteElo "2175"]
[BlackElo "2272"]
[PlyCount "83"]
[EventDate "2014.07.19"]
[EventType "swiss"]
[EventRounds "9"]
[EventCountry "AND"]
[Source "lmi"]
[SourceDate "2014.07.19"]

1. d4 Nf6 2. c4 c5 3. d5 b5 4. cxb5 a6 5. bxa6 g6 6. Nc3 Bg7 7. f4 O-O 8. Nf3
Qa5 9. Bd2 Bxa6 10. e4 Bxf1 11. Rxf1 d6 12. Qe2 Na6 13. e5 Ne8 14. Kf2 Nec7 15.
Rfd1 Qb6 16. Be3 f6 17. Kg1 Rfb8 18. Rab1 f5 19. Nd2 Nb5 20. Nxb5 Qxb5 21. Qxb5
Rxb5 22. Nc4 Bf8 23. b3 Nc7 24. Rb2 Rb7 25. Rdd2 Rd8 26. a4 Rdb8 27. Na5 Rb6
28. Nc6 Ra8 29. a5 Rba6 30. b4 cxb4 31. Bb6 Rc8 32. Nxb4 Raa8 33. Rdc2 Nb5 34.
Rxc8 Rxc8 35. Rc2 Rxc2 36. Nxc2 e6 37. a6 dxe5 38. fxe5 exd5 39. Nd4 Nc7 40.
Bxc7 Bc5 41. Bb8 Bxd4+ 42. Kf1 1-0

[Event "32. Open Andorra Hotel St.Gothard "]
[Site "Erts-La Massana AND"]
[Date "2014.07.27"]
[Round "9.1"]
[White "Vovk, Andrey"]
[Black "Granda Zuniga, Julio E"]
[Result "0-1"]
[WhiteElo "2616"]
[BlackElo "2674"]
[PlyCount "116"]
[EventDate "2014.07.19"]
[EventType "swiss"]
[EventRounds "9"]
[EventCountry "AND"]
[Source "lmi"]
[SourceDate "2014.07.19"]

1. e4 e5 2. Nf3 Nc6 3. Bb5 a6 4. Ba4 Nf6 5. O-O Be7 6. d3 d6 7. c3 O-O 8. Re1
b5 9. Bb3 Na5 10. Bc2 c5 11. Nbd2 Nd7 12. Nf1 Nb6 13. d4 Bf6 14. h3 g6 15. b3
Qc7 16. Be3 Bd7 17. Qd2 Rfc8 18. Rad1 Nb7 19. dxe5 dxe5 20. Bg5 Bg7 21. Ne3 Re8
22. Ng4 Re6 23. Nh6+ Kf8 24. Qe2 f6 25. Be3 Be8 26. Nh2 Nc8 27. Rf1 Ne7 28.
N2g4 Ng8 29. Nxg8 Kxg8 30. f4 exf4 31. Bxf4 Qe7 32. Ne3 Bc6 33. Nd5 Bxd5 34.
Rxd5 Nd6 35. Bxd6 Rxd6 36. Rfd1 Rxd5 37. Rxd5 f5 38. Qd2 fxe4 39. Rd7 Qe5 40.
Rd8+ Rxd8 41. Qxd8+ Bf8 42. c4 e3 43. Qd5+ Qxd5 44. cxd5 Kf7 45. Kf1 c4 46.
bxc4 bxc4 47. Ke2 Bc5 48. Be4 Ke7 49. Bf3 Kd6 50. Ke1 Ke5 51. Kd1 a5 52. Kc2
Bb4 53. Kd1 Kf4 54. Ke2 h5 55. d6 Bxd6 56. Bd5 c3 57. Kd3 Bb4 58. Bb3 Kg3 0-1

[Event "32. Open Andorra Hotel St.Gothard "]
[Site "Erts-La Massana AND"]
[Date "2014.07.27"]
[Round "9.2"]
[White "Gretarsson, Hjorvar Steinn"]
[Black "Tkachiev, Vladislav"]
[Result "1/2-1/2"]
[WhiteElo "2535"]
[BlackElo "2625"]
[PlyCount "20"]
[EventDate "2014.07.19"]
[EventType "swiss"]
[EventRounds "9"]
[EventCountry "AND"]
[Source "lmi"]
[SourceDate "2014.07.19"]

1. d4 Nf6 2. c4 g6 3. f3 Bg7 4. e4 d6 5. Nc3 O-O 6. Nge2 a6 7. Be3 c6 8. Qd2 b5
9. Ng3 Nbd7 10. Rc1 Rb8 1/2-1/2

[Event "32. Open Andorra Hotel St.Gothard "]
[Site "Erts-La Massana AND"]
[Date "2014.07.27"]
[Round "9.3"]
[White "Demuth, Adrien"]
[Black "Gozzoli, Yannick"]
[Result "1/2-1/2"]
[WhiteElo "2488"]
[BlackElo "2529"]
[PlyCount "31"]
[EventDate "2014.07.19"]
[EventType "swiss"]
[EventRounds "9"]
[EventCountry "AND"]
[Source "lmi"]
[SourceDate "2014.07.19"]

1. c4 c6 2. Nf3 d5 3. e3 Nf6 4. Nc3 a6 5. b3 Bg4 6. Be2 e6 7. O-O Nbd7 8. Bb2
Bd6 9. d4 O-O 10. h3 Bh5 11. Qc2 Qe7 12. e4 Bg6 13. Bd3 dxe4 14. Nxe4 Nxe4 15.
Bxe4 Bxe4 16. Qxe4 1/2-1/2

[Event "32. Open Andorra Hotel St.Gothard "]
[Site "Erts-La Massana AND"]
[Date "2014.07.27"]
[Round "9.4"]
[White "Zumsande, Martin"]
[Black "Arizmendi Martinez, Julen Luis"]
[Result "1/2-1/2"]
[WhiteElo "2430"]
[BlackElo "2553"]
[PlyCount "121"]
[EventDate "2014.07.19"]
[EventType "swiss"]
[EventRounds "9"]
[EventCountry "AND"]
[Source "lmi"]
[SourceDate "2014.07.19"]

1. e4 e6 2. d4 d5 3. Nc3 Nf6 4. Bg5 Bb4 5. e5 h6 6. Bd2 Bxc3 7. bxc3 Ne4 8. Qg4
Kf8 9. Qf4 c5 10. Bd3 Nxd2 11. Qxd2 c4 12. Be2 Nc6 13. Nh3 b5 14. Nf4 a5 15.
O-O Rb8 16. a3 Qg5 17. g3 Ke8 18. h4 Qe7 19. Nh5 Rg8 20. Bg4 Kd8 21. Bh3 Kc7
22. Kh2 Qe8 23. g4 Qe7 24. Kg3 Bd7 25. f4 f5 26. exf6 gxf6 27. f5 Qd6+ 28. Qf4
e5 29. Qxh6 exd4+ 30. Qf4 Rbf8 31. Rad1 Ne7 32. Kf3 dxc3 33. Rfe1 Qxf4+ 34.
Kxf4 Kd6 35. Ng3 Rg7 36. Ne4+ Kc6 37. Nxc3 b4 38. axb4 axb4 39. Ne2 Kc5 40. Nd4
Nc6 41. Nf3 c3 42. Rd3 Re7 43. Rxe7 Nxe7 44. Nd4 Rh8 45. h5 Ba4 46. Bg2 Nc6 47.
Ne6+ Kb6 48. Rxd5 Bxc2 49. Ke3 Ba4 50. Be4 Bb5 51. Nc5 Ne5 52. g5 Rxh5 53. gxf6
Rh3+ 54. Kf4 Nf7 55. Nb3 Rh4+ 56. Ke3 Bc6 57. Rd4 Rxe4+ 58. Rxe4 Bxe4 59. Kxe4
Kb5 60. Kd3 Ne5+ 61. Ke4 1/2-1/2

[Event "32. Open Andorra Hotel St.Gothard "]
[Site "Erts-La Massana AND"]
[Date "2014.07.27"]
[Round "9.5"]
[White "Kogan, Artur"]
[Black "Glud, Jakob Vang"]
[Result "1/2-1/2"]
[WhiteElo "2548"]
[BlackElo "2538"]
[PlyCount "35"]
[EventDate "2014.07.19"]
[EventType "swiss"]
[EventRounds "9"]
[EventCountry "AND"]
[Source "lmi"]
[SourceDate "2014.07.19"]

1. d4 d5 2. c4 e6 3. Nc3 Be7 4. Nf3 Nf6 5. cxd5 exd5 6. Qc2 c6 7. Bg5 g6 8.
Bxf6 Bxf6 9. e4 dxe4 10. Qxe4+ Qe7 11. Bc4 Bf5 12. Qxe7+ Kxe7 13. O-O-O Rd8 14.
d5 Nd7 15. Rhe1+ Kf8 16. dxc6 bxc6 17. Rd6 Rab8 18. Re3 1/2-1/2

[Event "32. Open Andorra Hotel St.Gothard "]
[Site "Erts-La Massana AND"]
[Date "2014.07.27"]
[Round "9.6"]
[White "Almeida Quintana, Omar"]
[Black "Kantsler, Boris"]
[Result "1-0"]
[WhiteElo "2492"]
[BlackElo "2429"]
[PlyCount "109"]
[EventDate "2014.07.19"]
[EventType "swiss"]
[EventRounds "9"]
[EventCountry "AND"]
[Source "lmi"]
[SourceDate "2014.07.19"]

1. d4 d6 2. Nf3 g6 3. c4 Bg7 4. Nc3 Nf6 5. e4 O-O 6. h3 Na6 7. Bg5 c5 8. d5 e6
9. Bd3 h6 10. Be3 exd5 11. exd5 Nc7 12. Qd2 Kh7 13. O-O Nh5 14. g4 Nf6 15. Bf4
b5 16. b3 b4 17. Ne2 Nxg4 18. hxg4 Bxg4 19. Nh2 Bxe2 20. Bxe2 Bxa1 21. Rxa1 g5
22. Bg3 f5 23. f4 g4 24. Bd3 Qf6 25. Rd1 h5 26. Kg2 Ne8 27. Rh1 Kg8 28. Nf1 Ng7
29. Bh4 Qg6 30. Ng3 Rae8 31. Kf2 Rf7 32. Qc2 Rff8 33. Qb1 Rf7 34. Bg5 Kh7 35.
Rh2 Rh8 36. Qe1 Kg8 37. Bh4 Kh7 38. Bg5 Kg8 39. Kg1 Rf8 40. Bh4 Qh6 41. Qd2 Rf7
42. Re2 Qg6 43. Kf2 Kf8 44. Ke1 Kg8 45. Kd1 Kf8 46. Qe1 Qh6 47. Be7+ Kg8 48.
Bg5 Qg6 49. Bh4 Qh6 50. Kc2 Qh7 51. Re6 Nxe6 52. dxe6 Rc7 53. Nxf5 Kf8 54. e7+
Rxe7 55. Nxe7 1-0

[Event "32. Open Andorra Hotel St.Gothard "]
[Site "Erts-La Massana AND"]
[Date "2014.07.27"]
[Round "9.7"]
[White "Riff, Jean-Noel"]
[Black "Jerez Perez, Alfonso"]
[Result "1/2-1/2"]
[WhiteElo "2482"]
[BlackElo "2374"]
[PlyCount "37"]
[EventDate "2014.07.19"]
[EventType "swiss"]
[EventRounds "9"]
[EventCountry "AND"]
[Source "lmi"]
[SourceDate "2014.07.19"]

1. e4 e6 2. d4 d5 3. Nc3 Nf6 4. e5 Nfd7 5. f4 c5 6. Nf3 Nc6 7. Be3 Be7 8. Qd2
O-O 9. dxc5 Bxc5 10. Bxc5 Nxc5 11. O-O-O Qa5 12. Kb1 Bd7 13. Bd3 Rac8 14. h4
Nb4 15. Nd4 b5 16. f5 exf5 17. a3 Nbxd3 18. cxd3 Qc7 19. Rhe1 1/2-1/2

[Event "32. Open Andorra Hotel St.Gothard "]
[Site "Erts-La Massana AND"]
[Date "2014.07.27"]
[Round "9.8"]
[White "Navrotescu, Catalin"]
[Black "Comas Fabrego, Lluis"]
[Result "0-1"]
[WhiteElo "2415"]
[BlackElo "2512"]
[PlyCount "134"]
[EventDate "2014.07.19"]
[EventType "swiss"]
[EventRounds "9"]
[EventCountry "AND"]
[Source "lmi"]
[SourceDate "2014.07.19"]

1. c4 c5 2. g3 g6 3. Bg2 Bg7 4. Nc3 Nc6 5. a3 d6 6. Rb1 a5 7. Nf3 e5 8. O-O
Nge7 9. d3 O-O 10. Ne1 Be6 11. Nc2 d5 12. cxd5 Nxd5 13. Ne3 Nde7 14. Nc4 Rb8
15. Be3 b6 16. Qa4 Nd4 17. Bxd4 exd4 18. Nb5 Nd5 19. Qc2 Qd7 20. a4 Bh3 21. e4
dxe3 22. fxe3 Bg4 23. Qf2 Nb4 24. d4 cxd4 25. exd4 Bf5 26. Rbd1 Bc2 27. Rd2
Bxa4 28. Nc3 Bb3 29. Ne5 Qd8 30. Qf4 Qe7 31. Re1 Rbe8 32. Ree2 Qd8 33. d5 Qd6
34. Nc6 Qc5+ 35. Qf2 Bh6 36. Rxe8 Rxe8 37. Qxc5 bxc5 38. Re2 Rxe2 39. Nxe2 Bf8
40. Nxa5 Bxd5 41. Bxd5 Nxd5 42. Kf2 Kg7 43. Kf3 Kf6 44. Nc3 Nxc3 45. bxc3 Ke6
46. c4 h5 47. Nb3 Ke5 48. h3 f6 49. Ke3 g5 50. g4 hxg4 51. hxg4 f5 52. gxf5
Kxf5 53. Nc1 Bd6 54. Nd3 g4 55. Ke2 Ke4 56. Nf2+ Kf4 57. Nd3+ Kg3 58. Nf2 Be7
59. Ke3 Bg5+ 60. Ke2 Bh6 61. Ne4+ Kh3 62. Nf2+ Kh4 63. Ne4 Bf8 64. Ke3 Kh3 65.
Nf2+ Kg3 66. Ne4+ Kh2 67. Kf2 Be7 0-1

[Event "32. Open Andorra Hotel St.Gothard "]
[Site "Erts-La Massana AND"]
[Date "2014.07.27"]
[Round "9.9"]
[White "Narciso Dublan, Marc"]
[Black "Trigo Urquijo, Sergio"]
[Result "1/2-1/2"]
[WhiteElo "2523"]
[BlackElo "2245"]
[PlyCount "95"]
[EventDate "2014.07.19"]
[EventType "swiss"]
[EventRounds "9"]
[EventCountry "AND"]
[Source "lmi"]
[SourceDate "2014.07.19"]

1. e4 e5 2. Nc3 Nf6 3. g3 d5 4. exd5 Nxd5 5. Bg2 Nxc3 6. bxc3 Bd6 7. Nf3 O-O 8.
O-O Nc6 9. Re1 Bg4 10. h3 Bh5 11. d4 exd4 12. cxd4 Bb4 13. Re3 Bxf3 14. Rxf3
Qxd4 15. Bf4 Qxd1+ 16. Rxd1 Ba5 17. Rb3 Rab8 18. Rd7 Rbd8 19. Rxd8 Nxd8 20.
Bxb7 Bb6 21. Bd5 Ne6 22. Be3 Nd4 23. Rd3 Rd8 24. c4 Nf3+ 25. Kf1 Ne5 26. Ra3
Nd7 27. Bxb6 axb6 28. Ra7 Nf6 29. Bc6 Rc8 30. c5 Kf8 31. Bb7 Rd8 32. Ba6 Ne4
33. Rxc7 Nxc5 34. Bc4 Rd7 35. Rc8+ Ke7 36. Rb8 Rd6 37. Ke2 Ne6 38. Rb7+ Kf6 39.
Ke3 g6 40. Ra7 Rc6 41. Kd3 h5 42. h4 Nc7 43. a4 Rc5 44. Rb7 Rc6 45. Kc3 Ke5 46.
Kb4 f5 47. Rb8 Ke4 48. Rg8 1/2-1/2

[Event "32. Open Andorra Hotel St.Gothard "]
[Site "Erts-La Massana AND"]
[Date "2014.07.27"]
[Round "9.10"]
[White "Berkovich, Mark A"]
[Black "Rios, Cristhian Camilo"]
[Result "1-0"]
[WhiteElo "2339"]
[BlackElo "2421"]
[PlyCount "61"]
[EventDate "2014.07.19"]
[EventType "swiss"]
[EventRounds "9"]
[EventCountry "AND"]
[Source "lmi"]
[SourceDate "2014.07.19"]

1. Nf3 d5 2. g3 c6 3. Bg2 Bg4 4. c4 e6 5. O-O Nd7 6. d3 Ngf6 7. cxd5 exd5 8. h3
Bh5 9. Nc3 Bd6 10. e4 O-O 11. Qc2 Re8 12. Nh4 dxe4 13. dxe4 Bc5 14. Kh2 Nf8 15.
f4 N6d7 16. Bd2 Ne6 17. Rae1 Nd4 18. Qc1 Be7 19. Be3 c5 20. Nf5 Nxf5 21. exf5
f6 22. Bxb7 Rb8 23. Bd5+ Bf7 24. Bxf7+ Kxf7 25. Rd1 Qc8 26. Nd5 Qa6 27. Nc7
Qxa2 28. Rf2 Qa4 29. Rxd7 Red8 30. Rxd8 Rxd8 31. Qc2 1-0

[Event "32. Open Andorra Hotel St.Gothard "]
[Site "Erts-La Massana AND"]
[Date "2014.07.27"]
[Round "9.11"]
[White "Rodriguez Rueda, Paula Andrea"]
[Black "Barbot, Pierre"]
[Result "1-0"]
[WhiteElo "2244"]
[BlackElo "2411"]
[PlyCount "109"]
[EventDate "2014.07.19"]
[EventType "swiss"]
[EventRounds "9"]
[EventCountry "AND"]
[Source "lmi"]
[SourceDate "2014.07.19"]

1. d4 Nf6 2. c4 g6 3. Nc3 d5 4. cxd5 Nxd5 5. e4 Nxc3 6. bxc3 Bg7 7. Bc4 c5 8.
Ne2 Nc6 9. Be3 O-O 10. O-O Qc7 11. Rc1 b6 12. Qd2 Bb7 13. Bh6 Rad8 14. Bxg7
Kxg7 15. Qe3 e5 16. d5 Na5 17. Bd3 c4 18. Bc2 Bc8 19. Qg3 f6 20. h4 h5 21. Nd4
Qc5 22. Nf5+ Kh7 23. Ne3 Nb7 24. f4 Nd6 25. Kh1 Nf7 26. f5 g5 27. Qf3 g4 28.
Qe2 Nd6 29. Rb1 Bd7 30. Rb4 a5 31. Rb2 b5 32. Rfb1 Qa3 33. Nd1 Rb8 34. Qe3 Rb7
35. Kg1 Rg8 36. g3 Rc8 37. Kf1 Rcc7 38. Ke1 Kg7 39. Kf1 Be8 40. Ke1 Kf7 41. Kf1
Ke7 42. Ke1 Rb8 43. Kf1 Rcb7 44. Ke1 b4 45. Rc1 b3 46. axb3 cxb3 47. Bd3 a4 48.
c4 Qb4+ 49. Rd2 a3 50. c5 Nf7 51. d6+ Kd8 52. c6 b2 53. c7+ Kd7 54. cxb8=N+
Rxb8 55. Qa7+ 1-0